000
00261nam a22001097a 4500
008
170123b xxu||||| |||| 00| 0 eng d
020
_a
9781418030339
041
_a
eng
080
_2
3RD
_a
618.2
245
_a
FUNDAMENTALS OF NURSING
_c
DELAUNE, S.C
942
_2
udc
_c
BK
999
_c
3374
_d
3374